[Event "Regionalliga Sued-Ost 1819"]
[Site "Bayern"]
[Date "2018.11.11"]
[Round "2.5"]
[White "Bartl, Bruno"]
[Black "Block, Jan"]
[Result "0-1"]
[WhiteElo "1921"]
[BlackElo "2000"]
[PlyCount "60"]
[EventDate "2018.10.21"]
[EventType "team-tourn"]
[EventRounds "9"]
[EventCountry "GER"]
[SourceTitle "EXT 2022"]
[Source "ChessBase"]
[SourceDate "2021.10.06"]
[SourceVersion "1"]
[SourceVersionDate "2021.10.06"]
[SourceQuality "1"]
[WhiteTeam "Bruckmühl SK"]
[BlackTeam "Ebersberg Grafing"]
[WhiteTeamCountry "GER"]
[BlackTeamCountry "GER"]

1. b3 d6 2. Bb2 e5 3. c4 g6 4. Nc3 Bg7 5. e4 Ne7 6. Nge2 0-0 7. d4 c6 8. dxe5 dxe5 9. Ng3 Na6 10. Be2 Be6 11. Ba3 Qa5 12. Bb2 Rad8 13. Qc1 f5 14. exf5 Nxf5 15. Nxf5 Bxf5 16. 0-0 Nb4 17. Qg5 Nc2 18. Rac1 Nd4 19. Bd1 Ne6 20. Qe3 Rd3 21. Qe1 Bh6 22. Rc2 Nd4 23. b4 Qxb4 24. Qxe5 Bg7 25. Qe1 Nxc2 26. Bxc2 Qxb2 27. Bxd3 Bxc3 28. Qb1 Qxb1 29. Bxb1 Bxb1 30. Rxb1 Bd4 0-1

[Event "Regionalliga Sued-Ost 1718"]
[Site "Bayern"]
[Date "2017.11.12"]
[Round "2.8"]
[White "Lenzen, Hans Josef"]
[Black "Block, Jan"]
[Result "1/2-1/2"]
[WhiteElo "1841"]
[BlackElo "1973"]
[PlyCount "68"]
[EventDate "2017.10.22"]
[EventType "team-tourn"]
[EventRounds "9"]
[EventCountry "GER"]
[SourceTitle "EXT 2022"]
[Source "ChessBase"]
[SourceDate "2021.10.06"]
[SourceVersion "1"]
[SourceVersionDate "2021.10.06"]
[SourceQuality "1"]
[WhiteTeam "Bruckmuehl SK"]
[BlackTeam "Ebersberg Grafing"]
[WhiteTeamCountry "GER"]
[BlackTeamCountry "GER"]

1. e4 e5 2. Nf3 Nc6 3. Bb5 Nge7 4. d4 exd4 5. Nxd4 g6 6. Nc3 Bg7 7. Be3 0-0 8. Qd2 a6 9. Bc4 Na5 10. Be2 b5 11. Bh6 c5 12. Bxg7 Kxg7 13. Nb3 Nxb3 14. axb3 Bb7 15. h4 h5 16. g4 hxg4 17. h5 Rh8 18. h6+ Kg8 19. h7+ Rxh7 20. Rxh7 Kxh7 21. 0-0-0 Kg7 22. Rh1 Ng8 23. Bxg4 d5 24. Nxd5 Bxd5 25. Qxd5 Qxd5 26. exd5 Nf6 27. Bf3 Rd8 28. c4 Kf8 29. Kd2 b4 30. Ke3 Ne8 31. Ra1 Nd6 32. Rxa6 Nf5+ 33. Kd2 Nd4 34. Bd1 Ke7 1/2-1/2

[Event "Oberbayern Bezirksliga 1617"]
[Site "Germany"]
[Date "2017.01.15"]
[Round "4.8"]
[White "Block, Jan"]
[Black "Jonas, Zsolt"]
[Result "1-0"]
[WhiteElo "1966"]
[BlackElo "2082"]
[PlyCount "115"]
[EventDate "2016.10.16"]
[EventType "team-tourn"]
[EventRounds "9"]
[EventCountry "GER"]
[SourceTitle "EXT 2019"]
[Source "ChessBase"]
[SourceDate "2018.10.10"]
[SourceVersion "1"]
[SourceVersionDate "2018.10.10"]
[SourceQuality "1"]
[WhiteTeam "Ebersberg Grafing"]
[BlackTeam "Moosburg SC"]
[WhiteTeamCountry "GER"]
[BlackTeamCountry "GER"]

1. e4 c5 2. Nf3 d6 3. d4 cxd4 4. Nxd4 Nf6 5. Nc3 a6 6. Bc4 e6 7. 0-0 Be7 8. Bb3 0-0 9. f4 Nc6 10. Be3 Qc7 11. Qf3 Na5 12. Rfd1 Rb8 13. e5 dxe5 14. fxe5 Nd7 15. Bf4 Nc5 16. Kh1 b5 17. Qg3 Kh8 18. Nf5 Rg8 19. Nd5 exd5 20. e6 Ne4 21. Bxc7 Nxg3+ 22. hxg3 Nxb3 23. cxb3 Rb7 24. Nxe7 Rxc7 25. Nxg8 Bxe6 26. Rac1 Ra7 27. Ne7 Rxe7 28. Rxd5 g6 29. Rd8+ Kg7 30. Rc6 Bf5 31. Rd2 Ra7 32. b4 h5 33. Kg1 Kh6 34. Kf2 Kg5 35. Rdd6 Be4 36. Rxa6 Rc7 37. Rd2 Rb7 38. Rad6 Bf5 39. a3 Be6 40. Rc2 Kg4 41. Rd4+ Kf5 42. Rc5+ Kf6 43. Rd6 Ke7 44. Rdc6 Bd7 45. Rc7 Rb6 46. Rd5 Rd6 47. Rxd6 Kxd6 48. Rc5 f5 49. Ke3 g5 50. b3 Ke6 51. Kd4 h4 52. gxh4 gxh4 53. Re5+ Kf6 54. Rd5 Be8 55. Rd8 Bh5 56. a4 Be2 57. Ke3 Bh5 58. axb5 1-0

[Event "Regionalliga SO 1213"]
[Site "Bayern"]
[Date "2012.10.14"]
[Round "1.7"]
[White "Leckner, Thomas"]
[Black "Block, Jan"]
[Result "1/2-1/2"]
[WhiteElo "1754"]
[BlackElo "1931"]
[PlyCount "30"]
[EventDate "2012.10.14"]
[EventType "team-tourn"]
[EventRounds "9"]
[EventCountry "GER"]
[SourceTitle "EXT 2015"]
[Source "ChessBase"]
[SourceDate "2014.11.20"]
[SourceVersion "1"]
[SourceVersionDate "2014.11.20"]
[SourceQuality "1"]
[WhiteTeam "Tegernsee"]
[BlackTeam "Ebersberg Grafing"]
[WhiteTeamCountry "GER"]
[BlackTeamCountry "GER"]

1. d4 Nf6 2. Nc3 d6 3. e4 c6 4. f3 e5 5. dxe5 dxe5 6. Qxd8+ Kxd8 7. Be3 Be6 8. 0-0-0+ Kc7 9. a3 Nbd7 10. g4 h6 11. h4 Bc5 12. Bxc5 Nxc5 13. Nh3 Rad8 14. Rxd8 Kxd8 15. Nf2 Ke7 1/2-1/2

[Event "Regionalliga SO 1112"]
[Site "Bayern"]
[Date "2011.12.11"]
[Round "4.8"]
[White "Block, Jan"]
[Black "Hock, Martin"]
[Result "1/2-1/2"]
[WhiteElo "1900"]
[BlackElo "1975"]
[PlyCount "91"]
[EventDate "2011.10.02"]
[EventType "team-tourn"]
[EventRounds "9"]
[EventCountry "GER"]
[SourceTitle "EXT 2013"]
[Source "ChessBase"]
[SourceDate "2012.11.22"]
[SourceVersion "1"]
[SourceVersionDate "2012.11.22"]
[SourceQuality "1"]
[WhiteTeam "Ebersberg Grafing"]
[BlackTeam "Graefelfing"]
[WhiteTeamCountry "GER"]
[BlackTeamCountry "GER"]

1. e4 e5 2. Bc4 Nf6 3. d4 exd4 4. Nf3 Nc6 5. 0-0 Bc5 6. c3 d3 7. Bg5 d6 8. b4 Bb6 9. Qxd3 0-0 10. a4 a6 11. Nbd2 Qe7 12. Bb3 Ne5 13. Nxe5 Qxe5 14. Bxf6 Qxf6 15. Nc4 Ba7 16. Ne3 Bxe3 17. Qxe3 Re8 18. Rfe1 Be6 19. Bc2 a5 20. Qd3 g6 21. Rab1 b6 22. h3 Qg5 23. Qe3 Qxe3 24. Rxe3 Bd7 25. b5 Re7 26. Bb3 Kg7 27. Rbe1 Rae8 28. f3 f5 29. Kf2 fxe4 30. fxe4 Rf8+ 31. Kg3 Re5 32. R1e2 Rf1 33. Bd5 Be6 34. Bxe6 Rxe6 35. e5 dxe5 36. Rxe5 Rxe5 37. Rxe5 Kf6 38. Re4 Rd1 39. Rc4 Rd7 40. Kf4 Re7 41. h4 h6 42. Rc6+ Kg7 43. g4 Rf7+ 44. Ke5 g5 45. hxg5 hxg5 46. Rc4 1/2-1/2